History of Ukraine Quiz - Statistics

General Stats
  • This quiz has been taken 1,369 times
    1,280 since last reset
  • The average score is 12 of 18
Answer Stats
Question Answer % Correct
What nuclear power plant exploded in 1986? Chernobyl
99%
What Ukrainian peninsula was annexed by Russia in 2014? Crimea
97%
What was the former profession of current President Volodymyr Zelensky? Comedian
85%
What musical event did Ukraine win in 2004 and 2016? Eurovision
82%
In which region has pro-Russian separatists been fighting the Ukrainian government since 2014? {Don}bas
80%
What killed millions between 1932–1933, during an event called "Holodomor"? Famine
79%
What did Ukraine once have a massive stockpile of, which it gave up in 1992? Nuclear Weapons
77%
What city in the above was site of a meeting between Churchill, Stalin and Roosevelt? Yalta
76%
What Ukrainian-born Soviet leader was exiled and assassinated in Mexico in 1940? Leon Trotsky
71%
What empire started its invasion of the Kievan Rus' in 1237? Mongol Empire
70%
From what airline that the Russian separatists shoot down a plane, in 2014? {Malaysia} Airlines
67%
What group of horsemen once protected Russia's borders in the late 19th century? Cossacks
61%
What series of protests happened in 2004 after vote-rigging and the poisoning of a Presidential candidate? {Orange} Revolution
60%
What city served as the first capital of the Soviet Ukraine between 1919–1934? Kharkiv
56%
In what city was the above located, which shortly after became a ghost town? Pripyat
56%
What group of people founded the Kievan Rus'? Vikings
43%
What boxing champion has been the mayor of Kiev since 2014? Vitali Klitschko
43%
What Ukrainian footballer won the Ballon d'Or in 2004? Andriy Shevchenko
38%
No matching quizzes found
Score Distribution
Percent of People with Each Score
Percentile by Number Answered
Your Score History
You have not taken this quiz since the last reset